Zrušenie spoločnosti bez likvidácie

12. októbra 2017 nadobudla účinnosť novela zákona č. 513/1991 Zb. Obchodný zákonník v znení neskorších predpisov týkajúca sa zrušenia spoločnosti bez likvidácie zlúčením, splynutím a rozdelením. Novela priniesla upresnenie dňa, od ktorého sa úkony zanikajúcich spoločností považujú z hľadiska účtovní...

Description complète

Enregistré dans:
Détails bibliographiques
Auteur principal: Ondrušová, Lucia, 1981-
Format: Chapitre de livre
Langue:slovaque
Sujets:
Tags: Ajouter un tag
Pas de tags, Soyez le premier à ajouter un tag!

MARC

LEADER 00000nla a2200000 4500
001 0247586
005 20240417075145.3
041 0 |a slo 
044 |a SK 
245 1 0 |a Zrušenie spoločnosti bez likvidácie  |c Lucia Ondrušová 
520 |a 12. októbra 2017 nadobudla účinnosť novela zákona č. 513/1991 Zb. Obchodný zákonník v znení neskorších predpisov týkajúca sa zrušenia spoločnosti bez likvidácie zlúčením, splynutím a rozdelením. Novela priniesla upresnenie dňa, od ktorého sa úkony zanikajúcich spoločností považujú z hľadiska účtovníctva za úkony vykonané na účet nástupnickej spoločnosti. Zároveň boli doplnené ustanovenia v súvislosti s krízou a úpadkom spoločnosti. 
610 2 0 |a zákonník obchodný 
610 2 0 |a likvidácia podniku 
610 2 0 |a účtovníctvo 
610 2 0 |a novelizácia 
610 2 0 |a Slovensko 
100 1 |a Ondrušová, Lucia, 1981-